Pattern recognition and machine learning / (Record no. 18620)
[ view plain ]
| 000 -LEADER | |
|---|---|
| fixed length control field | 00920cam a22002897a 4500 |
| 001 - CONTROL NUMBER | |
| control field | 14268798 |
| 005 - DATE AND TIME OF LATEST TRANSACTION | |
| control field | 20201128021126.0 |
| 008 - FIXED-LENGTH DATA ELEMENTS--GENERAL INFORMATION | |
| fixed length control field | 060216t2006 xxua frb 001 0 eng d |
| 010 ## - LIBRARY OF CONGRESS CONTROL NUMBER | |
| LC control number | 2006922522 |
| 020 ## - INTERNATIONAL STANDARD BOOK NUMBER | |
| International Standard Book Number | 0387310738 (hd.bd.) |
| 020 ## - INTERNATIONAL STANDARD BOOK NUMBER | |
| International Standard Book Number | 9780387310732 |
| 040 ## - CATALOGING SOURCE | |
| Original cataloging agency | OHX |
| Transcribing agency | OHX |
| Modifying agency | PU |
| -- | DLC |
| -- | EG-ScBUE |
| 082 00 - DEWEY DECIMAL CLASSIFICATION NUMBER | |
| Classification number | 006.4 |
| Edition number | 22 |
| Item number | BIS |
| 100 1# - MAIN ENTRY--PERSONAL NAME | |
| Personal name | Bishop, Christopher M. |
| 9 (RLIN) | 36538 |
| 245 10 - TITLE STATEMENT | |
| Title | Pattern recognition and machine learning / |
| Statement of responsibility, etc | Christopher M. Bishop. |
| 260 ## - PUBLICATION, DISTRIBUTION, ETC. (IMPRINT) | |
| Place of publication, distribution, etc | New York, United States : |
| Name of publisher, distributor, etc | Springer, |
| Date of publication, distribution, etc | c.2006. |
| 300 ## - PHYSICAL DESCRIPTION | |
| Extent | xx, 738 p. : |
| Other physical details | ill. (col.) ; |
| Dimensions | 25 cm. |
| 490 0# - Series Statement | |
| Series statement | Information science and statistics |
| 500 ## - GENERAL NOTE | |
| General note | Includes appendixes. |
| 500 ## - GENERAL NOTE | |
| General note | Index : p. 729-738. |
| 504 ## - BIBLIOGRAPHY, ETC. NOTE | |
| Bibliography, etc | Bibliography : p. 711-728. |
| 650 #0 - SUBJECT ADDED ENTRY--TOPICAL TERM | |
| Topical term or geographic name as entry element | Pattern perception |
| 9 (RLIN) | 6297 |
| 650 #0 - SUBJECT ADDED ENTRY--TOPICAL TERM | |
| Topical term or geographic name as entry element | Machine learning |
| 9 (RLIN) | 2922 |
| 653 ## - INDEX TERM--UNCONTROLLED | |
| Resource For college | Informatics and Computer Science |
| Arrived date list | November2014 |
| 655 ## - INDEX TERM--GENRE/FORM | |
| Form subdivision | |
| -- | 34232 |
| 942 ## - ADDED ENTRY ELEMENTS (KOHA) | |
| Source of classification or shelving scheme | Dewey Decimal Classification |
| Call number prefix | 006.4 BIS |
| Withdrawn status | Item status | Source of classification or shelving scheme | Damaged status | Not for loan | Vendor | Home library | Current library | Shelving location | Date acquired | Source of acquisition | Cost, normal purchase price | Serial Enumeration / chronology | Total Checkouts | Full call number | Barcode | Date last seen | Cost, replacement price | Koha item type | Total Renewals | Date last borrowed |
|---|---|---|---|---|---|---|---|---|---|---|---|---|---|---|---|---|---|---|---|---|
| Dewey Decimal Classification | Baccah | Central Library | Central Library | Lower Floor | 16/11/2014 | 570.00 | 20677 | 006.4 BIS | 000037000 | 15/07/2025 | 712.50 | Book - Borrowing | ||||||||
| Dewey Decimal Classification | Baccah | Central Library | Central Library | Lower Floor | 16/11/2014 | 570.00 | 20677 | 1 | 006.4 BIS | 000037001 | 15/07/2025 | 712.50 | Book - Borrowing | 12 | 18/02/2016 |